Quizzes
Events
Quiz Creation
Community
Videos
Private Events
Remove Ads
Sign In
Join for FREE
Feedback
Dark Mode
Quiz Categories
Sports
Geography
Music
Movies
Television
Just For Fun
Miscellaneous
History
Literature
Language
Science
Gaming
Entertainment
Religion
Holiday
For Kids
Quiz Lab
Recent
Popular Today
Quiz Kudos Today
Editor Picks
Curator Picks
Quizzes by...
Day
Popularity
Type
Ratings
Length
Year
Community
Subscriptions
Recent Discussions
Orange Saloon
Badges
Playlists
Quests
Create
Leaderboards
Showdown
Live 5
Trivia Bingo
Activity
Puzzle Library
Sporcle Events
Private Events
Virtual Trivia
Globe League
Become a Host
Pub Owners
SporcleCon
Opinionation
Our Games
Videos
Blog
Mobile Apps
Partnerships
Remove Ads and Go Orange
Feedback
Sports
Athletes
MLB
NBA
NHL
NFL
Soccer
Sports Teams
WWE
NCAA
Football
Premier League
Basketball
Baseball
Hockey
Golf
Tennis
Cricket
Rugby
Auto Racing
Olympics
World Cup
Sports
Athletes
MLB
NBA
NHL
NFL
Soccer
Sports Teams
WWE
NCAA
Football
Premier League
Basketball
Baseball
Hockey
Golf
Tennis
Cricket
Rugby
Auto Racing
Olympics
World Cup
Random Quiz
Search Sporcle
×
Quiz Lab
Quiz Lab
Sports
Grand Prix
Type in answers that appear in a list
Type in answers that appear in a list
Classic
Best Score? Go Orange.
Winners of Hungarian Grand Prix Stats
Can you name the Winners of Hungarian Grand Prix?
By
tibow
5m
29 Questions
228 Plays
228 Plays
228 Plays
Comments
Comments
Give Quiz Kudos
Give Quiz Kudos
-
- Ratings
hide this ad
Forced Order
Answers have to be entered in order
Answers have to be entered in order
Replay
Link that replays current quiz
Next Quiz
Link to next quiz in quiz playlist
You Got
0%
They Got
Avg Score
89%
Avg Friend Score
Upgrade to see
Score Distribution
Jump to the score distribution portion of the page
Score
0/29
Timer
05:00
0
Plays Today
Year
Winner
% Correct
2001
Michael Schumacher
96.5%
2004
Michael Schumacher
96.1%
2013
Lewis Hamilton
95.3%
1991
Ayrton Senna
95.2%
1992
Ayrton Senna
95.2%
1994
Michael Schumacher
94.7%
1998
Michael Schumacher
94.3%
2007
Lewis Hamilton
93.9%
2009
Lewis Hamilton
93.9%
2010
Mark Webber
93.4%
2012
Lewis Hamilton
93.4%
1999
Mika Hakkinen
93%
2000
Mika Hakkinen
93%
2003
Fernando Alonso
93%
1988
Ayrton Senna
92.5%
Year
Winner
% Correct
2011
Jenson Button
92.5%
2014
Daniel Ricciardo
91.3%
1995
Damon Hill
91.2%
2002
Rubens Barrichello
91.2%
2006
Jenson Button
91.2%
2005
Kimi Raikkonen
89.9%
1997
Jacques Villeneuve
89%
1993
Damon Hill
88.6%
1996
Jacques Villeneuve
88.2%
1986
Nelson Piquet
87.3%
1987
Nelson Piquet
86.8%
2008
Heikki Kovalainen
86.4%
1989
Nigel Mansell
84.2%
1990
Thierry Boutsen
69.3%
Quiz Playlist
Details
Report
Send in Message
Add To Playlist
Classic:
Type in answers that appear in a list
Forced Order:
Answers have to be entered in order
Quiz Source
Last Updated: Feb 16, 2017
Quiz Scoreboard
CHALLENGE
Sign Up to Join the Scoreboard
Show All
Scores
Hide
Comments
May contain spoilers
Recently Published
Decade Duel: World Leaders
by jenniferyan
History
4m
Alphabetical 'K' Countries by Flag Minefield
by ylime102
Geography
3m
Pick 6: Fruits
by JohnFran
Miscellaneous
15s
More to Explore
Quiz From the Vault
Featured Blog Post
15 Basketball Trivia Facts You Can Be March Mad About
hide this ad
You Might Also Like...
Tags
Formula 1
Grand Prix
Hungarian
Hungary
Winner
Today's Top Quizzes in Sports
Browse Sports
hide this ad
Today's Top Quizzes in Grand Prix
Browse Grand Prix
Top Contributed Quizzes in Sports
1
Les joueurs à 100 buts en Ligue 1 Uber Eats
2
Pick 6: NFL Teams
3
2022 World Cup Stars
4
MLB 2 truths and a lie: Hall of Fame pitchers
5
Pick 6: Minor League Baseball
6
Millionaire: NBA Finals Edition
7
Click the 1998 NBA Draft
8
Criteria MLB: Left Handed Sluggers
9
Pick 6: Olympics
10
Pick 6: NFL WRs
Explore More
Trending Topics
Harry Potter
Crossword
NBA
Kpop
Anime
Marvel
Disney
Soccer
NFL
WWE
Puzzle
The Office
Song
Pokémon
Country
hide this ad
More By:
tibow
Quiz
Plays
Rating
Category
Featured
Created
Alain Prost Formula 1 wins
379
4.00
Sports
Apr 10, 2014
Winners of Hungarian Grand Prix
228
5.00
Sports
Feb 12, 2013
Nigel Mansell's F1 wins
227
Sports
Apr 10, 2014
Mika Hakkinen's victories
176
3.00
Sports
Feb 12, 2013
Water polo Olympic Champions 1900-2012
122
4.50
Sports
Apr 14, 2014
Go to Creator's Profile
Score Distribution
Quiz Creator Spotlight
tibow
Follow
Send a Message
Quizzes Created
-
Created Quiz Play Count
-
More By This Creator
Popular Quizzes Today
1
Countries of Asia Without Outlines Minefield
2
Find the US States - No Outlines Minefield
3
Pick 6: Fruits
4
Alphabetical 'K' Countries by Flag Minefield
5
The Countries of the World
6
Find the Countries of Europe - No Outlines Minefield
7
Find the US States
8
US States
More Sports Quizzes
Quick Pick: South African F1 Champions
Quiz Lab
Trending Quizzes
Pick 6: Mountains
Pick 6: Harry Potter
Pick 6: Flags
Pick 6: NFL Teams
Pick 6: Movie Franchises
Recently Updated
Adaptations: Name the Title
pecheneg
NWSL Teams
pecheneg
Women's Final Four Teams by Year
bhenderson79
Presidents Quartet II
eogle
Anything But Clue(do)
eogle
Anything But Oceanian Capitals
eogle
Anything But 7
eogle
Anything But Thing
eogle
Word Ladder: February 29
pecheneg
Song Title Questions
pecheneg
Trending Topics
Marvel
Crossword
Kpop
Harry Potter
Disney
NBA
Anime
Puzzle
Song
Country
The Office
Pokémon
Soccer
WWE
NFL
Your Account Isn't Verified!
In order to create a playlist on Sporcle, you need to verify the email address you used during registration. Go to your
Sporcle Settings
to finish the process.
Report this User
Report this user for behavior that violates our
Community Guidelines
.
Details:
Send Report
Go to the Sporcle.com Mobile Site →
Comments